Statistics for Fast Typing - LOL

Click here to take the quiz!

General Stats

  • This quiz has been taken 319 times
  • The average score is 72 of 115

Answer Stats

Answer% Correct
L
99%
L
99%
O
98%
L
88%
L
88%
L
88%
O
88%
O
88%
O
88%
L
87%
L
87%
L
87%
L
87%
O
87%
O
87%
O
87%
O
87%
L
86%
L
86%
O
86%
O
86%
O
85%
L
83%
O
83%
L
81%
L
81%
O
81%
O
81%
L
80%
L
79%
L
79%
L
79%
L
79%
O
79%
O
79%
O
79%
O
79%
O
79%
L
77%
L
75%
O
75%
L
74%
O
74%
O
74%
L
71%
L
71%
L
71%
O
71%
O
71%
O
71%
L
70%
O
70%
L
69%
L
65%
O
65%
O
65%
L
64%
O
64%
L
62%
L
62%
O
62%
O
62%
L
61%
L
61%
O
61%
O
60%
L
58%
L
58%
O
58%
O
57%
L
56%
O
56%
L
54%
L
54%
O
54%
L
52%
L
52%
O
52%
O
52%
O
51%
L
50%
L
49%
L
49%
O
49%
O
49%
O
49%
L
48%
O
46%
L
44%
O
44%
L
42%
L
42%
O
42%
O
42%
L
40%
L
39%
L
39%
O
39%
O
39%
O
38%
L
37%
L
35%
O
35%
L
33%
O
33%
O
33%
L
32%
L
32%
O
32%
O
31%
L
30%
O
30%
L
29%
O
29%
L
27%

Score Distribution

Percentile by Number Answered

Percent of People with Each Score

Your Score History

You have not taken this quiz